[Event "Open13 2007/2008"]
[Site "CDJE13"]
[Date "2007.10.13"]
[Round "1"]
[White "Thiers, Jean-Jacques"]
[Black "Kolb, Sebastien"]
[Result "0-1"]
[WhiteElo "1870"]
[BlackElo "2176"]
[PlyCount "72"]

1. e4 c5 2. Nf3 Nc6 3. d4 cxd4 4. Nxd4 Nf6 5. Nc3 e5 6. Nb3 Bb4 7. Bd3 d5 8.
Bd2 Bxc3 9. Bxc3 dxe4 10. Bb5 Qc7 11. Bxc6+ bxc6 12. Ba5 Qd7 13. Nc5 Qxd1+ 14.
Rxd1 O-O 15. Rd6 Bf5 16. Rxc6 Rfc8 17. Rxc8+ Rxc8 18. b4 e3 19. fxe3 Bxc2 20.
O-O Be4 21. Rxf6 gxf6 22. Nxe4 Rc1+ 23. Kf2 Rc2+ 24. Kf3 f5 25. Nd6 e4+ 26. Kf4
Rf2+ 27. Ke5 f6+ 28. Kxf6 f4 29. Nxe4 fxe3+ 30. Ke5 Rxa2 31. Bd8 e2 32. Bh4 Ra1
33. Kf4 e1=Q 34. Bxe1 Rxe1 35. Nc3 Kf7 36. h4 Rc1 0-1

[Event "Open13 2007/2008"]
[Site "CDJE13"]
[Date "2007.10.13"]
[Round "1"]
[White "Milesi, Laurent"]
[Black "Pierrugues, Laurent"]
[Result "0-1"]
[WhiteElo "2153"]
[BlackElo "1860"]
[PlyCount "114"]

1. e4 e6 2. d3 d5 3. Nd2 Nf6 4. Ngf3 c5 5. g3 Nc6 6. Bg2 Be7 7. O-O b6 8. Re1
Bb7 9. c3 Qc7 10. a3 O-O-O 11. Qe2 h6 12. b4 g5 13. bxc5 Bxc5 14. e5 Nd7 15. d4
Be7 16. Nb3 g4 17. Nfd2 Rdg8 18. a4 a5 19. Nf1 h5 20. Bf4 Nf8 21. c4 Ba6 22.
Ne3 Ng6 23. Rac1 Nxf4 24. gxf4 Nb4 25. Qd2 dxc4 26. Bf1 Kb8 27. Nxc4 Bxc4 28.
Rxc4 Qd7 29. Rec1 Rc8 30. Rxc8+ Rxc8 31. Bb5 Rxc1+ 32. Nxc1 Qd5 33. Ne2 Nc6 34.
Qd3 Bb4 35. Bc4 Qd8 36. d5 exd5 37. Qxd5 Qxd5 38. Bxd5 Nd8 39. Kg2 Kc7 40. Kg3
Be7 41. Nd4 Kd7 42. f5 f6 43. e6+ Kd6 44. Bb3 Ke5 45. Ne2 Kxf5 46. Kh4 Nxe6 47.
Ng3+ Ke5 48. Kxh5 Nd4 49. Bd1 f5 50. Kg6 Bh4 51. Kh5 Bxg3 52. fxg3 b5 53. axb5
Nxb5 54. Kh4 Nc3 55. Bc2 Kf6 56. h3 gxh3 57. Kxh3 Kg5 0-1

[Event "Open13 2007/2008"]
[Site "CDJE13"]
[Date "2007.10.13"]
[Round "1"]
[White "Corrias, Robert"]
[Black "Cortes, Antoine"]
[Result "0-1"]
[WhiteElo "1820"]
[BlackElo "2151"]
[PlyCount "36"]

1. d4 Nf6 2. Nf3 g6 3. Bf4 Bg7 4. e3 O-O 5. h3 d6 6. Bd3 Nbd7 7. Nbd2 Qe8 8.
Ne4 e5 9. Nxf6+ Bxf6 10. dxe5 dxe5 11. Bh6 e4 12. c3 Bg7 13. Bxg7 Kxg7 14. Bxe4
Qxe4 15. O-O Nf6 16. Qe2 Bd7 17. Rfd1 Rad8 18. Rd4 Qe7 0-1

[Event "Open13 2007/2008"]
[Site "CDJE13"]
[Date "2007.10.13"]
[Round "1"]
[White "Busson, Benoist"]
[Black "Crapon, Laurent"]
[Result "1/2-1/2"]
[WhiteElo "2046"]
[BlackElo "1810"]
[PlyCount "96"]

1. e4 e5 2. Nf3 Nc6 3. Nc3 Nf6 4. g3 Bc5 5. Bg2 d6 6. h3 Be6 7. d3 h6 8. Na4
Bb6 9. Nxb6 axb6 10. b3 O-O 11. O-O b5 12. Bb2 b4 13. Kh2 Ra6 14. a4 bxa3 15.
Rxa3 Rxa3 16. Bxa3 Qa8 17. Qa1 Qa7 18. Bb2 Ra8 19. Qxa7 Rxa7 20. Ra1 Rxa1 21.
Bxa1 Nd7 22. d4 exd4 23. Nxd4 Nxd4 24. Bxd4 Ne5 25. Bb2 f6 26. f4 Nd7 27. g4 b6
28. Kg3 Nb8 29. e5 dxe5 30. fxe5 Kf7 31. exf6 gxf6 32. Bc1 Kg7 33. Bb7 Nd7 34.
Bf4 Ne5 35. Bxe5 fxe5 36. Kf3 Kf6 37. Be4 Bf7 38. c4 h5 39. Bf5 hxg4+ 40. hxg4
Be8 41. Be4 Kg5 42. Bf5 Bc6+ 43. Ke3 Bb7 44. Be6 Kf6 45. Bf5 c5 46. Be4 Bc8 47.
Bf3 Bd7 48. Be2 Bc6 1/2-1/2

[Event "Open13 2007/2008"]
[Site "CDJE13"]
[Date "2007.10.13"]
[Round "1"]
[White "Battaglia, Gerard"]
[Black "Anton, Jose"]
[Result "1/2-1/2"]
[WhiteElo "1806"]
[BlackElo "2004"]
[PlyCount "105"]

1. d4 Nf6 2. c4 e5 3. dxe5 Ng4 4. e4 Nxe5 5. f4 Nbc6 6. Be3 (6. fxe5 Qh4+ 7.
Kd2 (7. Ke2 $2 Qxe4+ 8. Kd2 Bc5 $15) 7... Qf4+ 8. Kd3 Qxe5 9. Nc3 Nb4+ 10. Ke2
Bc5 11. a3 $18) 6... Bb4+ $11 7. Nd2 Ng6 8. a3 Be7 9. Ngf3 d6 10. Bd3 Bh4+ 11.
g3 Bf6 12. Qc2 O-O 13. O-O Bh3 14. Rfe1 a5 15. Rad1 Re8 16. c5 dxc5 17. e5 Be7
18. Bb5 Qd5 19. Ne4 Qe6 20. Nfg5 Bxg5 21. Nxg5 Qf5 22. Qxc5 Bg4 23. Bd3 Qc8 24.
Rc1 Qd7 25. Bc4 Ngxe5 26. fxe5 Rxe5 27. Bxf7+ Kh8 (27... Qxf7 28. Qxe5 Nxe5 29.
Nxf7 Nf3+ 30. Kf1 Kxf7 (30... Nxe1 $2 31. Ne5 $18) 31. Rxc7+ Kg6 32. Re2 $18)
28. Qc3 h6 29. Be6 $6 (29. Qb3 hxg5 30. Qxb7 Rf8 31. Qxc6 Qxc6 32. Rxc6 Rxf7
$11) 29... Bxe6 $15 30. Nxe6 Qxe6 31. Bf4 Rxe1+ 32. Rxe1 Qd7 33. Bxh6 Qd4+ 34.
Be3 Qxc3 35. bxc3 Ne5 36. Rb1 b6 37. Bf4 Re8 38. Rb5 Nc4 39. Bxc7 Re3 40. Bxb6
Nxb6 41. Rxb6 Rxc3 42. Ra6 Rxa3 43. Kg2 Kh7 44. Kh3 Ra4 45. Kg2 g6 46. h4 Kh6
47. Kh3 Ra3 48. Ra8 a4 49. Kg4 Kg7 50. Ra7+ Kf6 51. Ra6+ Kg7 52. Ra7+ Kh6 53.
Ra6 1/2-1/2

[Event "Open13 2007/2008"]
[Site "CDJE13"]
[Date "2007.10.13"]
[Round "1"]
[White "Chauvet, Jean-Marc"]
[Black "Montanelli, Tristan"]
[Result "1-0"]
[WhiteElo "2004"]
[BlackElo "1800"]
[PlyCount "69"]

1. e4 c5 2. Nf3 g6 3. c3 Bg7 4. d4 cxd4 5. cxd4 Qb6 $6 (5... d5 6. e5 Nc6 $14)
6. Nc3 $16 Nc6 7. Nd5 Qd8 8. Bf4 d6 9. Bb5 Qa5+ 10. Bd2 $1 Qd8 11. Qa4 Bd7 12.
Rc1 a6 13. Qa3 (13. Bxc6 bxc6 14. Rxc6 Ra7 $14 (14... Bxc6 15. Qxc6+ Kf8 16.
O-O $14)) 13... Rc8 14. Bxc6 Rxc6 (14... bxc6 15. Ne3 Qb6 16. O-O $16) (14...
Bxc6 15. O-O Bxd5 16. exd5 Rxc1 17. Rxc1 Qd7 18. Ba5 Nf6 19. Rc7 $16) 15. O-O
$16 Nf6 16. Ba5 b6 17. Rxc6 Nxd5 18. exd5 Bxc6 19. dxc6 bxa5 20. Rc1 Qc7 21.
Qd3 O-O 22. Qxa6 Rb8 23. b3 Rb4 24. Rc4 Rb8 25. g3 h6 26. Ra4 Rc8 27. d5 Bc3
28. Rc4 Bb4 29. Nd4 Qd8 30. Nb5 Bc5 31. c7 Qe8 32. Qxa5 Kg7 33. a4 Ra8 34. Qc3+
f6 35. b4 1-0

[Event "Open13 2007/2008"]
[Site "CDJE13"]
[Date "2007.10.13"]
[Round "1"]
[White "Parroco, Pierre-Jean"]
[Black "Girard, Jean-Pierre"]
[Result "1/2-1/2"]
[WhiteElo "1765"]
[BlackElo "1992"]
[PlyCount "69"]

1. e4 c5 2. Nc3 Nc6 3. g3 g6 4. Bg2 Bg7 5. d3 d6 6. Be3 e6 7. Qd2 b6 8. h4 Bb7
9. h5 Qd7 10. h6 Bf6 11. g4 Nge7 12. g5 Bxc3 13. Qxc3 O-O-O 14. O-O-O Kb8 15.
Ne2 Rhg8 16. d4 cxd4 17. Nxd4 Ne5 18. f4 Rc8 19. Qb3 Nc4 20. Bf2 d5 21. e5 Nc6
22. Nxc6+ Qxc6 23. Rh3 Ba6 24. c3 b5 25. Bd4 Bb7 26. Bf1 a5 27. Bxc4 Qxc4 28.
Qxc4 Rxc4 29. b3 Rc6 30. Kb2 Ba6 31. Re3 Kc7 32. a3 Rb8 33. b4 a4 34. Rd2 Rc4
35. Rd1 1/2-1/2

[Event "Open13 2007/2008"]
[Site "CDJE13"]
[Date "2007.10.13"]
[Round "1"]
[White "Nakache, Jonathan"]
[Black "Israel, Daniel"]
[Result "1/2-1/2"]
[WhiteElo "1940"]
[BlackElo "1760"]
[PlyCount "93"]

1. e4 c6 2. d4 d5 3. Nc3 dxe4 4. Nxe4 Bf5 5. Ng3 Bg6 6. h4 h6 7. Nf3 Nd7 8. h5
Bh7 9. Bd3 Bxd3 10. Qxd3 Ngf6 11. Bf4 Nd5 12. Bd2 e6 13. O-O-O Bd6 14. Ne4 Qc7
15. Nxd6+ Qxd6 16. c4 N5f6 17. Kb1 O-O-O 18. g3 Nc5 19. Qa3 Nce4 20. Qxa7 Nxd2+
21. Rxd2 Ne4 22. Re2 f5 23. Rd1 Qb4 24. Rd3 Qxc4 25. Rb3 Nc5 26. Qa8+ (26. Rc2
$1 Qf1+ 27. Rc1 $18) 26... Kc7 27. Qa5+ Kc8 28. Rbe3 Ne4 29. Ne5 $2 (29. Rc2
Qd5 30. Qb6 Nd6 31. Rb3 {suivi de 32.Ne5 +-}) 29... Qxd4 30. Rd3 $2 Qc5 $17 31.
Qxc5 Nxc5 32. Rc3 Ne4 33. Rxe4 fxe4 34. Nf7 Rhf8 35. Nxd8 Kxd8 36. Re3 Rxf2 37.
Rxe4 Ke7 38. a4 Kd6 39. Rb4 Rf7 40. Kc2 e5 41. Kd2 Kd5 42. Ke3 Kc5 43. Rg4 Rd7
44. b4+ Kd5 45. Re4 Rf7 46. Rg4 Rd7 47. Re4 1/2-1/2

[Event "Open13 2007/2008"]
[Site "CDJE13"]
[Date "2007.10.13"]
[Round "1"]
[White "Pleynet, Olivier"]
[Black "Alard, Francis"]
[Result "1-0"]
[WhiteElo "1918"]
[BlackElo "1690"]
[PlyCount "33"]

1. e4 c5 2. Nc3 d6 3. f4 g6 4. Nf3 Bg7 5. Bc4 Nf6 6. d3 O-O 7. O-O Bg4 8. h3
Bxf3 9. Qxf3 e6 10. f5 Nc6 11. fxe6 Ne5 12. exf7+ Nxf7 13. Bg5 Kh8 14. Bxf6 Ne5
15. Bxg7+ Kxg7 16. Qxf8+ Qxf8 17. Rxf8 1-0

[Event "Open13 2007/2008"]
[Site "CDJE13"]
[Date "2007.10.13"]
[Round "1"]
[White "Reymond, Jean-Francois"]
[Black "Colandrea, Sauveur"]
[Result "0-1"]
[WhiteElo "1690"]
[BlackElo "1907"]
[PlyCount "46"]

1. e4 d6 2. f4 c5 3. b3 Nc6 4. Nf3 Nf6 5. d3 Bg4 6. Be2 e5 7. O-O Be7 8. Bb2
exf4 9. e5 $4 Nd5 10. Qd2 $19 dxe5 $6 (10... O-O 11. Nc3 Ne3 12. exd6 Qxd6 13.
Rf2 Qh6 $19) 11. Nxe5 $17 Nxe5 12. Bxe5 Bxe2 (12... Bf6 13. d4 (13. Bxf6 Qxf6
$17) 13... Bxe5 14. dxe5 Bxe2 15. Qxe2 Qe7 $17) 13. Qxe2 O-O 14. a3 $2 Bf6 15.
Bxf6 Qxf6 16. Nd2 Rfe8 17. Qf3 Ne3 18. Ne4 Qd4 19. Rac1 Nxf1+ 20. Kxf1 f5 21.
Nd2 Qe3 22. Qd5+ Kh8 23. Nf3 Qxc1+ 0-1

[Event "Open13 2007/2008"]
[Site "CDJE13"]
[Date "2007.10.13"]
[Round "1"]
[White "Baquer, Marc"]
[Black "Gomez, Guy"]
[Result "1-0"]
[WhiteElo "1890"]
[BlackElo "1650"]
[PlyCount "35"]

1. d4 d5 2. Bg5 Nc6 3. e3 h6 4. Bh4 Qd7 5. c4 e6 6. cxd5 Qxd5 7. Nc3 Qa5 8. a3
a6 9. b4 Qb6 10. Rc1 Nxb4 $4 11. axb4 Bxb4 12. Bd3 Bd7 13. Nf3 g5 14. Bg3 Nf6
15. O-O O-O 16. Be5 Ne8 17. Nxg5 $1 f5 18. Qh5 1-0

[Event "Open13 2007/2008"]
[Site "CDJE13"]
[Date "2007.10.13"]
[Round "1"]
[White "Estevez, Ange"]
[Black "Larribere, Hadrien"]
[Result "0-1"]
[WhiteElo "1632"]
[BlackElo "1872"]
[PlyCount "76"]

1. e4 c5 2. g3 Nc6 3. Bg2 e5 4. Nf3 d6 5. d3 g6 6. a4 Bg7 7. c3 Nge7 8. O-O O-O
9. h4 Bg4 10. Nbd2 Rb8 11. Nc4 a6 12. Ne3 Bd7 13. Bd2 h6 14. Qc1 Kh7 15. c4 f5
16. Nc2 b6 17. Nfe1 Qc7 18. exf5 Nxf5 19. h5 Be8 20. hxg6+ Bxg6 21. Be4 Rf6 22.
Ng2 Ncd4 23. Nxd4 Nxd4 24. Bxg6+ Rxg6 25. Qd1 Qe7 26. Be3 Nf5 27. Qf3 Rf8 28.
Qe4 Qf6 29. Rae1 Kh8 30. Qc6 Qd8 31. Qe4 Qe8 32. b3 h5 33. Re2 Rg4 34. Qb7 h4
35. gxh4 Nxh4 36. f3 Rg3 37. Rff2 Nxf3+ 38. Kf1 Qh5 0-1

[Event "Open13 2007/2008"]
[Site "CDJE13"]
[Date "2007.10.27"]
[Round "2"]
[White "Kolb, Sebastien"]
[Black "Baquer, Marc"]
[Result "1-0"]
[WhiteElo "2176"]
[BlackElo "1890"]
[PlyCount "83"]

1. e4 e6 2. d4 d5 3. e5 c5 4. c3 Nc6 5. Nf3 Bd7 6. Be2 cxd4 7. cxd4 Nh6 8. a3
$6 Nf5 9. g4 $2 Nh4 $1 10. Nxh4 Qxh4 $17 11. Be3 Rc8 12. b4 f6 $6 (12... Be7
13. Nd2 O-O $17) (12... a6 13. Nd2 $15) 13. b5 Na5 14. Qa4 Nc4 15. Bxc4 Rxc4
16. Qxa7 fxe5 17. Nd2 Rc3 18. dxe5 Rxe3+ $2 (18... Bxb5 19. h3 (19. Qxb7 $4
Rxe3+ $19) 19... Ba6 $17) 19. Qxe3 Bxb5 $16 20. a4 Bc6 21. Qg3 Qd8 22. O-O Bb4
23. Rfd1 O-O 24. Nb3 Be7 25. f4 Bh4 26. Qe3 g5 27. Rf1 gxf4 28. Rxf4 Rxf4 29.
Qxf4 Qb6+ 30. Nd4 Be7 31. Rd1 Bxa4 32. Rd2 Bc5 33. Kg2 Bxd4 34. Rxd4 Be8 35.
Qg5+ Bg6 36. Rf4 Qb2+ 37. Rf2 Qb4 38. h4 Qe4+ 39. Kg3 Qb4 40. h5 Qc3+ 41. Kh4
Qc5 42. Qd8+ (42. Qd8+ Kg7 43. h6+ Kxh6 44. Rf7 $18 {suvi du mat}) 1-0

[Event "Open13 2007/2008"]
[Site "CDJE13"]
[Date "2007.10.27"]
[Round "2"]
[White "Cortes, Antoine"]
[Black "Brot, Fabrice"]
[Result "1/2-1/2"]
[WhiteElo "2151"]
[BlackElo "1710"]
[PlyCount "104"]

1. e4 c6 2. d4 d5 3. Nd2 dxe4 4. Nxe4 Nd7 5. Nf3 Ngf6 6. Nxf6+ Nxf6 7. Bc4 Bf5
8. Ne5 e6 9. O-O Bd6 10. Qe2 Nd7 11. Bf4 Nxe5 12. dxe5 Bc5 13. Rad1 Qb6 14. c3
O-O 15. Bg5 Qc7 16. Bd3 Bxd3 17. Rxd3 Be7 18. Bf4 Rfd8 19. Rg3 g6 20. Qh5 Kh8
21. Qh6 Bf8 22. Qh4 Be7 23. Qh6 Bf8 24. Qh4 Be7 25. Qg4 Qd7 26. Rh3 Qe8 27. Qe2
Rd7 28. Rd1 Rad8 29. Rhd3 Rxd3 30. Rxd3 Rxd3 31. Qxd3 Qd8 32. Qxd8+ Bxd8 33.
Be3 a6 34. Kf1 Kg7 35. Bd4 g5 36. g4 Kg6 37. Ke2 h5 38. h3 hxg4 39. hxg4 f5 40.
exf6 Bxf6 41. Ke3 Bd8 42. Ke4 Bc7 43. Be5 Bb6 44. f3 Bd8 45. Bd4 Bc7 46. Be5
Bb6 47. c4 Bd8 48. b3 Kf7 49. b4 b5 50. c5 Kg6 51. Bc3 Bc7 52. Bd2 e5 1/2-1/2

[Event "Open13 2007/2008"]
[Site "CDJE13"]
[Date "2007.10.27"]
[Round "2"]
[White "Larribere, Hadrien"]
[Black "Chauvet, Jean-Marc"]
[Result "1-0"]
[WhiteElo "1872"]
[BlackElo "2004"]
[PlyCount "83"]

1. d4 e6 2. c4 f5 3. Nc3 Nf6 4. Nf3 b6 5. g3 Bb7 6. Bg2 Bb4 7. O-O O-O 8. Qb3
Na6 9. Rd1 Bxc3 10. bxc3 c5 11. d5 Qe8 12. Bf4 Ne4 (12... exd5 13. cxd5 c4 14.
Qa3 (14. Qxc4 Rc8 15. Qb5 Ne4 $14) 14... Qh5 (14... Nc5 15. Bd6 Bxd5 16. Bxf8
Qxf8 17. Qb4 $16) 15. Ne5 Ng4 16. Nxg4 fxg4 $14) 13. a4 exd5 14. cxd5 d6 $2 (
14... c4 $1 15. Qxc4 (15. Qc2 Nac5 $14) 15... Rc8 16. Qb3 Nxc3 17. d6+ Kh8 18.
Re1 Nxe2+ 19. Kf1 Nc5 20. Qb2 Qh5 21. Be5 Rf7 22. Qa3 (22. Kxe2 Ba6+ 23. Kd2
Nd3 24. Qd4 Nxe1 25. Rxe1 Bb7 26. Re3 Kg8 $11) (22. Qxe2 $4 Ba6 $19) 22... Ba6
$14) 15. Nd2 $16 Nxd2 16. Rxd2 Qd7 17. Re1 Rae8 18. e3 h6 19. h4 Nc7 20. c4 Na6
21. Rde2 Nb4 22. Bh3 Qd8 23. e4 $1 g5 24. hxg5 hxg5 25. Bd2 g4 26. Bg2 a5 $2 (
26... Bc8 27. e5 (27. Bxb4 cxb4 28. Qxb4 fxe4 29. Rxe4 Rxe4 30. Rxe4 Qf6 $16)
27... dxe5 28. Rxe5 Rxe5 29. Rxe5 Qf6 30. Bf4 Bd7 $16) 27. e5 $18 dxe5 28. Rxe5
Bc8 29. Bf4 Rxe5 30. Bxe5 Kf7 31. Bb2 Qg5 32. Qc3 Bd7 33. d6 Re8 34. Rxe8 Bxe8
35. Qe5 Bxa4 $2 36. Bd5+ (36. Be4 $1 Bd7 37. Bxf5 $3 Bxf5 (37... Qxf5 38. Qg7+
Ke6 39. Qe7#) 38. d7 $18) 36... Nxd5 37. Qxd5+ Ke8 38. Qe6+ Kf8 39. Qc8+ Kf7
40. d7 Qe7 41. d8=Q Qe1+ 42. Kg2 1-0

[Event "Open13 2007/2008"]
[Site "CDJE13"]
[Date "2007.10.27"]
[Round "2"]
[White "Pierrugues, Laurent"]
[Black "Pleynet, Olivier"]
[Result "0-1"]
[WhiteElo "1860"]
[BlackElo "1918"]
[PlyCount "102"]

1. e4 d6 2. d4 g6 3. Nc3 Bg7 4. f3 c6 5. Be3 b5 6. Qd2 a6 7. g4 h5 8. g5 e6 9.
h4 Ne7 10. Nge2 Nd7 11. Bg2 Bb7 12. Ng3 c5 13. O-O Nb6 14. b3 Rc8 15. Rad1 c4
16. Nce2 d5 17. e5 Nc6 18. c3 Bf8 19. b4 Na4 20. Qc2 a5 21. a3 axb4 22. axb4
Ra8 23. Bd2 Qb6 24. Kh1 Ra6 25. Nf4 Ne7 26. Bh3 Bc8 27. Ng2 Nf5 28. Bxf5 exf5
29. Nf4 Be6 30. Rfe1 Be7 31. Nf1 Qb7 32. Ne3 Kd7 33. Ra1 Rha8 34. Rg1 Nb6 35.
Qb2 Ra4 36. Nc2 Qa7 37. Rxa4 Qxa4 38. Ra1 Qb3 39. Qxb3 $2 (39. Qc1 Rxa1 40.
Nxa1 Qa4 41. Nc2 $14) 39... cxb3 $17 40. Rxa8 Nxa8 41. Na3 Nb6 42. Nd3 Nc4 43.
Nxc4 dxc4 44. Nb2 Kc6 45. Kg2 Kd5 46. Kf2 Bxb4 47. cxb4 Kxd4 48. Be3+ (48. Nd1
Kd3 49. Be1 (49. Bc3 Kc2 50. Ke2 Bd5 $19) 49... f4 $1 50. Nc3 b2 51. Kg2 Bd5
52. Kf2 Bc6 53. Nb1 Kc2 54. Na3+ Kb3 55. Nb1 Bd7 $19) 48... Kc3 49. Nd1+ Kc2
50. Ke2 b2 51. Nxb2 Kxb2 (51... Kxb2 52. Bd4+ c3 53. Ke1 Bd5 54. Ke2 Kb3 55.
Be3 Kxb4 $19) 0-1

[Event "Open13 2007/2008"]
[Site "CDJE13"]
[Date "2007.10.27"]
[Round "2"]
[White "Colandrea, Sauveur"]
[Black "Catalayud, Stephane"]
[Result "1-0"]
[WhiteElo "1907"]
[BlackElo "1620"]
[PlyCount "73"]

1. d4 f5 2. g3 Nf6 3. Bg2 g6 4. Nf3 Bg7 5. O-O O-O 6. c4 d6 7. d5 a5 8. Nc3 Qe8
9. Nd4 Na6 10. Re1 Bd7 11. e4 fxe4 12. Nxe4 Nxe4 13. Rxe4 Nc5 14. Re2 Qf7 15.
Ne6 Nxe6 16. dxe6 Bxe6 17. Rxe6 Qxf2+ 18. Kh1 Rf7 19. Re2 Qf6 20. Bd5 c6 21.
Bxf7+ Qxf7 22. Qe1 Qf3+ 23. Kg1 e5 24. Be3 d5 25. cxd5 cxd5 26. Rf2 Qe4 27. Qd2
d4 28. Bh6 Bh8 29. Raf1 Bg7 30. Bxg7 Kxg7 31. Rf7+ Kg8 32. Qh6 Qe3+ 33. Qxe3
dxe3 34. Rd7 Rc8 35. Re1 b5 36. Rxe3 Rc1+ 37. Kf2 1-0

[Event "Open13 2007/2008"]
[Site "CDJE13"]
[Date "2007.10.27"]
[Round "2"]
[White "Israel, Daniel"]
[Black "Busson, Benoist"]
[Result "1/2-1/2"]
[WhiteElo "1760"]
[BlackElo "2046"]
[PlyCount "60"]

1. d4 d5 2. Nf3 Nc6 3. Bf4 Bg4 4. e3 e6 5. Nbd2 Bd6 6. Bxd6 cxd6 7. c4 dxc4 8.
Bxc4 d5 9. Bb5 Nge7 10. Qb3 Bxf3 11. Bxc6+ bxc6 12. Nxf3 Qa5+ 13. Qc3 Qxc3+ 14.
bxc3 Rb8 15. O-O O-O 16. Rab1 f6 17. Nd2 Nf5 18. c4 Nd6 19. cxd5 cxd5 20. Rfc1
Rxb1 21. Rxb1 Rc8 22. Nb3 Rc2 23. Nc5 Kf7 24. a4 Ra2 25. Kf1 Ke7 26. Rb8 e5 27.
Ra8 Ra1+ 28. Ke2 Ra2+ 29. Ke1 Ra1+ 30. Ke2 Ra2+ 1/2-1/2

[Event "Open13 2007/2008"]
[Site "CDJE13"]
[Date "2007.10.27"]
[Round "2"]
[White "Anton, Jose"]
[Black "Parroco, Pierre-Jean"]
[Result "1-0"]
[WhiteElo "2004"]
[BlackElo "1765"]
[PlyCount "145"]

1. e4 e5 2. d4 exd4 3. c3 dxc3 4. Bc4 cxb2 5. Bxb2 d5 6. Bxd5 Nf6 7. Nc3 Be7 8.
Qb3 Nxd5 9. Nxd5 c6 10. Nxe7 Qxe7 11. Bxg7 Rg8 12. Bb2 Qxe4+ 13. Ne2 Na6 14.
O-O-O Nc5 15. Qa3 (15. Qf3 Qxf3 (15... Rxg2 $6 16. Qf6 Bf5 17. Qh8+ Ke7 18.
Qf6+ Kf8 19. Rd8+ Rxd8 20. Qxd8+ Qe8 21. Qd6+ Qe7 22. Qb8+ Qe8 23. Qd6+ $11)
16. gxf3 Be6 $17) 15... Bf5 16. Nd4 (16. Qxc5 Qb1+ 17. Kd2 O-O-O+ 18. Bd4 Qxa2+
19. Ke1 Bc2 $1 20. Rc1 (20. Rd2 $4 Qb1+ 21. Nc1 Rge8+ $19) 20... Bd3 21. Nc3 (
21. Qh5 Bxe2 22. Qxe2 Qa5+ 23. Kf1 Qg5 24. g3 Qxc1+ $19) 21... Rge8+ 22. Be3
Qb2 23. Rd1 Rd5 24. Rd2 Rxc5 25. Rxb2 Rxc3 $19) 16... Qf4+ $19 17. Rd2 Nd3+ 18.
Kd1 Nxb2+ 19. Qxb2 O-O-O 20. g3 Qe4 (20... Qe5 $5 {menaçant ...c5} 21. f3 (21.
Re1 $4 Bg4+ $19) 21... Rge8 22. Kc1 Qc5+ 23. Kd1 Re5 24. Nxf5 Rxd2+ 25. Kxd2
Rxf5 26. Ke2 Re5+ 27. Kf1 Re3 $19) 21. Re1 (21. f3 Qb1+ 22. Qxb1 Bxb1 $17)
21... Qb1+ (21... Bg4+ $5 22. f3 Bxf3+ 23. Nxf3 Qxf3+ 24. Kc1 Rxd2 25. Qxd2 Rd8
$19 {avec 2P de plus pour les Noirs}) 22. Qxb1 $17 Bxb1 23. Kc1 Bxa2 (23... Bg6
24. g4 (24. f4 c5 25. Nf3 f6 $17) 24... c5 25. Nf3 Rxd2 26. Kxd2 Rd8+ 27. Kc1
Rd6 $17) 24. Rxa2 Rxd4 25. Rxa7 $15 {Faisons le point : Les Noirs ont un pion
de plus et surtout deux pions passés à l'aile-dame alors que le pion de plus
des Blancs à l'aile-roi est difficile à valoriser.  L'échange d'une tour de
chaque côté favorise les Noirs. Le plan des Noirs est simple : Mettre en
valeur ses deux pions à l'aile dame le plus rapidement possible sans craindre
d'échanger une tour, voire les deux, la finale de pion étant gagnante pour les
Noirs.  Pour les Blancs, il faut essayer de garder au maximum les deux tours
et forcer les Noirs à défendre passivement leurs pions.} Kb8 26. Ra5 Rd7 {
empêche Re7 suivi de Rf5} 27. Rh5 f6 $6 {ici le Pf sera plus vulnérable. Il
faut que les Noirs pensent à défendre leurs pions tout en préparant le
contre-jeu} (27... Rg7 $5 $15) 28. Re6 Rf7 $2 {passif} (28... Rg5 $5 29. Rh6
Rc5+ 30. Kb2 f5 31. Re8+ Kc7 32. Rh8 Rd2+ 33. Kb3 Kb6 34. Re8 (34. R8xh7 $2
Rdc2 35. Re7 R5c3+ 36. Ka4 Kc5 37. Re5+ Kd4 38. Rxf5 Ra2+ 39. Kb4 c5+ 40. Rxc5
Rb2+ 41. Ka4 Rxc5 $19) 34... Rcd5 35. Rxh7 Kc5 36. Re3 Rxf2 37. Rc3+ Kd6 38.
Rh6+ Ke5 $17) 29. Rf5 Rgf8 {les Blancs ont obtenu ce qu'ils voulaient, une
position passive des tours noires et une valorisation rendue difficile des
pions noirs de l'aile-dame} (29... Rd8 {
si les Noirs laissent le Pf, ils ont au mieux la nulle} 30. Rfxf6 Rxf6 31. Rxf6
Kc7 32. Rh6 Rd7 33. f4 b5 34. g4 b4 35. Kc2 Kb6 36. f5 Kb5 37. f6 c5 38. Rh5
Kc6 39. Rf5 Rd8 40. g5 Kd6 41. h4 Rb8 42. Kb3 Rc8 43. Rf2 Ke6 44. Re2+ Kf5 45.
Kc4 h6 46. f7 Rf8 47. Rf2+ Kg6 $11) 30. Kc2 Kc7 31. Kc3 Kd7 32. Re4 Re8 (32...
Re7 {est plus précis} 33. Ref4 Re6 $15) 33. Rb4 {
évidemment, les Blancs refusent l'échange des tours} (33. Rxe8 Kxe8 34. g4 b6
35. h4 Ke7 36. Rh5 Kf8 $1 (36... Ke6 37. Rh6 b5 38. Kb4 Ke5 39. g5 fxg5 40.
hxg5 Rf4+ $1 41. Ka5 Kf5 (41... Kd5 42. Kb6 b4 43. Rxh7 b3 44. Rd7+ Kc4 45.
Kxc6 Rxf2 (45... b2 46. Rb7 Kc3 47. g6 Rg4 48. Kd6 Rxg6+ 49. Ke5 Rg1 50. Rxb2
Kxb2 51. f4 Re1+ 52. Kd4 Kb3 53. f5 Kb4 54. Kd5 Kb5 55. f6 $11) 46. Rc7 Rg2 47.
Kd6+ Kd3 48. Rb7 Kc2 49. Rc7+ Kb1 50. Rc5 b2 51. Ke6 $11) 42. Rxh7 Kxg5 43. Kb6
Rc4 44. Ka5 b4 45. Rb7 c5 46. Kb5 Rc3 47. Ka4 Kf4 48. Rb8 Kf3 49. Rf8+ Ke2 50.
f4 Kd3 51. f5 Kd4 $19) 37. f4 Kg7 38. f5 Rd7 39. g5 fxg5 40. Rxg5+ Kf6 41. Rh5
c5 42. Kc4 Rc7 43. Rh6+ Kxf5 44. Rxb6 Kg4 45. Rh6 Kg3 46. Rh5 Kh3 47. Rh6 Kg4
48. Kd3 c4+ 49. Kc3 Kg3 50. Rh5 Kh3 51. Rh6 Kg4 $19) 33... Kc7 34. Rh4 Kd6 35.
Rfh5 Ree7 $15 36. Kd4 b6 37. Rh6 c5+ 38. Kc4 Kc6 39. Rf4 Re6 40. Rf5 b5+ 41.
Kc3 $2 (41. Kb3 b4 42. Rhh5 Re5 43. Kc4 Kd6 44. Rxe5 fxe5 45. Rh6+ Ke7 46. Kxc5
b3 47. Rb6 Rxf2 48. Rxb3 Ke6 $15) 41... b4+ $19 42. Kc4 Re4+ {
les Noirs ont réussi à progresser et la victoire est en vue} 43. Kd3 (43. Kb3
Kb5 44. Rhxf6 Rxf6 45. Rxf6 c4+ 46. Kc2 Re2+ 47. Kd1 Ra2 48. Rf7 b3 49. Rxh7 c3
50. Rb7+ Kc4 51. Rc7+ Kd3 52. Rd7+ Ke4 53. Re7+ Kd5 $19) 43... Re6 $4 (43...
Rd4+ 44. Ke2 (44. Kc2 Rfd7 45. Rfxf6+ Kb5 46. Rb6+ Kc4 47. Rh4 (47. f4 Rd2+ 48.
Kb1 Rd1+ 49. Kc2 R7d2#) 47... Rxh4 48. gxh4 Rf7 $19) 44... b3 45. Rhxf6+ Rxf6
46. Rxf6+ Kb5 47. Rf8 Rb4 48. Rd8 (48. Rb8+ Kc4 49. Rd8 b2 50. Rd1 b1=Q $19)
48... b2 49. Rd1 b1=Q 50. Rxb1 Rxb1 $19) 44. Rfh5 $4 (44. Kc4 Kb6 45. f3 $15)
44... Rd6+ 45. Kc2 Rdd7 $4 {encore passif} (45... Rfd7 46. Rxh7 (46. Rxf6 {
Fritz ne trouve rien de mieux que de donner une tour pour le pion f} Rxf6 47.
f4 Rfd6 $19) 46... Rd2+ 47. Kc1 Rd1+ 48. Kc2 R7d2+ 49. Kb3 Rb1+ 50. Kc4 Rd4#)
46. Rf5 $17 Rd6 $2 (46... Kb5 47. Rhh5 Rc7 $17) (46... Rde7 47. Rhxf6+ Rxf6 48.
Rxf6+ Kd5 49. Kb3 Ra7 50. Rf5+ Kd4 51. Rf4+ Kd3 52. Rf3+ Ke2 53. Rf4 Ra3+ 54.
Kb2 Kd3 55. Rf3+ Kd2 56. Rf4 (56. Rxa3 bxa3+ 57. Kxa3 c4 $19) 56... Rc3 $17)
47. Rhh5 $11 Kb6 (47... Rd4 48. Rxc5+ Kd6 49. Kb3 Rb7 (49... Rd2 50. Rc2 Rd1
$14) 50. Rb5 Rxb5 51. Rxb5 Rd3+ 52. Kxb4 Rf3 $11) 48. Rxc5 $14 Rc6 49. Rxc6+
Kxc6 $14 50. Kb3 Kd6 51. Kxb4 Ke6 52. Kc4 Rd7 53. Rh4 Kf5 54. Rf4+ Kg6 55. Rd4
Re7 56. Kd5 Re5+ 57. Kc4 Re7 58. Kd3 Re5 59. Re4 Rh5 60. Rg4+ Kf7 61. Rh4 Kg6
$4 (61... Rxh4 62. gxh4 Ke6 63. Ke4 Kd6 64. Kf5 Ke7 65. h5 Kf7 66. Ke4 Ke6 67.
Kf4 (67. Kd4 Kd6 68. f3 Ke6 69. h6 Kd6 70. h3 Ke6 71. Kc5 Ke5 72. Kc6 Kf4 73.
Kd5 Kxf3 74. Ke6 Ke4 $1 {le seul coup pour annuler} 75. Kxf6 Kd5 76. Kg7 Ke6 $1
77. Kxh7 Kf7 78. h4 Kf8 $11) 67... Ke7 $14 {
d'après Fritz, mais les Blancs ne peuvent pas passer}) (61... Rd5+ 62. Ke3 h5
$16) 62. Rxh5 {évidemment, la finale de pions, sans faiblesse du côté blanc,
est facilement gagnée} Kxh5 $18 63. h3 Kg5 64. Ke4 h5 65. f3 Kg6 66. Kf4 Kf7
67. Kf5 Kg7 68. g4 hxg4 69. fxg4 Kf7 70. h4 Kg7 71. Ke6 Kg6 72. h5+ Kg5 73. Kf7
1-0